000 00324nam a2200133Ia 4500
008 231017s9999 xx 000 0 und d
082 _a625.85
082 _bTHO
245 0 _aDetermining Asphalt Content for Recycled Asphalt Pavement (RAP) Materials
245 0 _cTRB
260 _bTRB
300 _c30cm
942 _cREP
999 _c604490
_d604490